Embraer E170 operators as of February 2025 - Statistics

General Stats
  • This quiz has been taken 9 times
  • The average score is 5 of 15
Answer Stats
Num. Airline % Correct
5 LOT
75%
13 Air France Hop
63%
Operating for American Eagle,Delta Connection, and United Express, 36 Republic Airways
63%
Operating forAmerican Eagle, 38 Envoy Air
38%
17 S7 Airlines
38%
1 Air Botswana
25%
2 Air Burkina
25%
3 Airlink
25%
3 Airnorth
25%
2 Eastern Airways
25%
3 Fuji Dream Airlines
25%
18 J-Air
25%
1 People's
25%
1 CommuteAir
13%
3 Petro Air
13%
No matching quizzes found
Score Distribution
Percent of People with Each Score
Percentile by Number Answered
Your Score History
You have not taken this quiz